| 000 | 00805nam a2200241 i 4500 | ||
|---|---|---|---|
| 001 | 180310 | ||
| 003 | ES-MaACL | ||
| 005 | 20251017063114.0 | ||
| 008 | 120528s1995 sp | |||| ||spa d | ||
| 020 | _a84-7506-431-0 | ||
| 080 | _a821.134.2-82"15" | ||
| 100 | 1 |
_aBoscán, Juan, _dm. 1542 _9166710 |
|
| 245 | 1 | 0 |
_aObras completas / _cJuan Boscán, Garcilaso de la Vega ; [edición y prólogo de Carlos Clavería Laguarda]. |
| 260 |
_aMadrid : _bTurner, _c[1995] |
||
| 300 |
_aXVIII, 1161 p. ; _c23 cm. |
||
| 490 | 1 | _aBiblioteca Castro | |
| 504 | _aBibliografía: p. XVII-XVIII. | ||
| 700 | 0 |
_aGarcilaso de la Vega, _d1501-1536 _955471 |
|
| 700 | 1 |
_aClavería, Carlos, _d1963- _9149211 |
|
| 830 | 0 |
_aBiblioteca Castro _9178957 |
|
| 852 |
_aES-MaACL _jL-29892 |
||
| 999 |
_c180310 _d180310 |
||